000
00234 a2200097 4500
001
59917
100
_a
245
_a
Contemporary Curriculum; In Through and Action
260
_a
USA
_b
John Wiley and Sons
_c
2009
090
_c
36752
_d
36752
942
_a
NUST-CAE
_c
_c
29727
999
_c
294990
_d
294990